000 00844nam a2200289 a 4500
008
020 _a0415040116
049 _aMAIN
090 _aBF191
_bMIL
100 1 _aMiller, Steve.
245 1 0 _aExperimental design and statistics /
_cSteve Miller.
250 _a2nd ed.
260 _aLondon ;
_aNew York :
_bRoutledge,
_c1989.
300 _a186 p. :
_bill. ;
_c20 cm.
490 0 _aNew essential psychology.
504 _aIncludes bibliographical references.
500 _aIncludes index.
500 _aOriginally published by: Methuen,1984.
650 0 _aPsychology, Experimental.
650 0 _aExperimental design.
650 0 _aPsychometrics.
907 _a.b10034857
_b30-05-12
_c17-04-03
003
005 20230123133252.0
040 _cNUST
942 _cBOOKS
_kBF191
_mMIL
999 _c145663
_d145663